[Event "TICF"]
[Site "FAMALICAO"]
[Date "2023.07.27"]
[Round "5.1"]
[White "PETKOV, Vladimir"]
[Black "MARTINEZ DUANY, Lelys"]
[Result "1/2-1/2"]
[BlackElo "2490"]
[WhiteElo "2464"]
[LiveChessVersion "1.4.8"]

1. d4 d5 2. c4 {[%clk 1:30:37]} c6 {[%clk 1:30:50]} 3. cxd5 {[%clk 1:30:52]} cxd5
{[%clk 1:31:04]} 4. Nc3 {[%clk 1:31:09]} Nf6 {[%clk 1:31:15]} 5. Nf3
{[%clk 1:31:05]} Nc6 {[%clk 1:31:32]} 6. Bf4 {[%clk 1:31:16]} Bf5
{[%clk 1:31:38]} 7. e3 {[%clk 1:31:23]} e6 {[%clk 1:31:49]} 8. Bd3
{[%clk 1:31:13]} Bxd3 {[%clk 1:31:58]} 9. Qxd3 {[%clk 1:31:26]} Bd6
{[%clk 1:32:20]} 10. Bxd6 {[%clk 1:31:36]} Qxd6 {[%clk 1:32:42]} 11. O-O
{[%clk 1:31:45]} O-O {[%clk 1:33:06]} 12. Rfc1 {[%clk 1:31:58]} Rfc8
{[%clk 1:33:26]} 13. a3 {[%clk 1:30:56]} h6 {[%clk 1:32:15]} 14. Ne2
{[%clk 1:30:38]} Ne7 {[%clk 1:31:59]} 15. h3 {[%clk 1:30:41]} Nd7
{[%clk 1:32:11]} 16. Rxc8+ {[%clk 1:30:52]} Rxc8 {[%clk 1:32:33]} 17. Rc1
{[%clk 1:31:12]} Rxc1+ {[%clk 1:32:38]} 18. Nxc1 {[%clk 1:31:36]} Qc7
{[%clk 1:32:57]} 19. Ne2 {[%clk 1:31:45]} Nf5 {[%clk 1:32:59]} 20. Qc3
{[%clk 1:31:46]} Qxc3 {[%clk 1:33:21]} 21. Nxc3 {[%clk 1:32:09]} Nd6
{[%clk 1:33:44]} 22. b3 {[%clk 1:31:55]} Kf8 {[%clk 1:34:03]} 23. Kf1
{[%clk 1:32:17]} Ke7 {[%clk 1:34:25]} 24. Ke2 {[%clk 1:32:40]} Nf6
{[%clk 1:34:45]} 25. Nd2 {[%clk 1:32:57]} Nd7 {[%clk 1:35:07]} 26. Kd3
{[%clk 1:33:15]} Nf6 {[%clk 1:35:24]} 27. Kc2 {[%clk 1:33:14]} Nd7
{[%clk 1:35:45]} 28. Kd3 {[%clk 1:33:36]} Nf6 {[%clk 1:36:09]} 29. Kc2
{[%clk 1:33:58]} Nd7 {[%clk 1:36:33]} 30. Kd3 {[%clk 1:34:23]} Nf6 31. Ke4
1/2-1/2

[Event "TICF"]
[Site "FAMALICAO"]
[Date "2023.07.27"]
[Round "5.2"]
[White "MORENO, Alejandro"]
[Black "RIBEIRO, Fernando"]
[Result "1/2-1/2"]
[BlackElo "2119"]
[WhiteElo "2343"]
[LiveChessVersion "1.4.8"]

1. c4 {[%clk 1:30:38]} e5 {[%clk 1:30:33]} 2. Nc3 {[%clk 1:30:58]} Bb4
{[%clk 1:30:54]} 3. Nd5 {[%clk 1:31:21]} Be7 {[%clk 1:31:17]} 4. g3
{[%clk 1:31:43]} Nf6 {[%clk 1:31:29]} 5. Bg2 {[%clk 1:32:07]} O-O
{[%clk 1:31:47]} 6. Nf3 {[%clk 1:32:31]} Nc6 {[%clk 1:31:57]} 7. O-O
{[%clk 1:32:58]} a5 {[%clk 1:32:08]} 8. d3 {[%clk 1:33:22]} h6 {[%clk 1:32:28]}
9. a3 {[%clk 1:33:46]} d6 {[%clk 1:32:42]} 10. e4 {[%clk 1:34:09]} Bg4
{[%clk 1:33:02]} 11. h3 {[%clk 1:34:32]} Bxf3 {[%clk 1:33:31]} 12. Bxf3
{[%clk 1:34:55]} Nd4 {[%clk 1:33:55]} 13. Nxe7+ {[%clk 1:35:19]} Qxe7
{[%clk 1:34:23]} 14. Bg2 {[%clk 1:35:37]} 1/2-1/2

[Event "TICF"]
[Site "FAMALICAO"]
[Date "2023.07.27"]
[Round "5.3"]
[White "SRINATH, Rao"]
[Black "ROMANO, Joao"]
[Result "0-1"]
[BlackElo "2027"]
[WhiteElo "2287"]
[LiveChessVersion "1.4.8"]

1. e4 {[%clk 1:30:53]} e5 {[%clk 1:30:30]} 2. Nf3 {[%clk 1:31:16]} Nc6
{[%clk 1:30:46]} 3. Bc4 {[%clk 1:31:39]} Bc5 {[%clk 1:30:35]} 4. d3
{[%clk 1:31:51]} Nf6 {[%clk 1:30:22]} 5. Nc3 {[%clk 1:32:15]} O-O
{[%clk 1:21:28]} 6. h3 {[%clk 1:31:28]} a6 {[%clk 1:17:25]} 7. a4
{[%clk 1:31:37]} Bb4 {[%clk 1:10:17]} 8. Bg5 {[%clk 1:32:01]} h6 {[%clk 1:10:28]}
9. Bh4 {[%clk 1:25:45]} Be7 {[%clk 1:10:52]} 10. Bxf6 {[%clk 1:22:45]} Bxf6
{[%clk 1:11:08]} 11. Nd5 {[%clk 1:22:47]} d6 {[%clk 1:09:54]} 12. g4
{[%clk 1:19:29]} Nd4 {[%clk 1:04:50]} 13. c3 {[%clk 1:10:12]} Ne6
{[%clk 1:05:14]} 14. Qc2 {[%clk 0:58:12]} c6 {[%clk 1:03:28]} 15. Ne3
{[%clk 0:58:37]} Nf4 {[%clk 1:01:42]} 16. Bb3 {[%clk 0:55:43]} g6
{[%clk 0:57:30]} 17. O-O-O {[%clk 0:53:26]} b5 {[%clk 0:54:00]} 18. d4
{[%clk 0:51:22]} Qc7 {[%clk 0:52:46]} 19. h4 {[%clk 0:47:45]} Bg7
{[%clk 0:53:11]} 20. dxe5 {[%clk 0:45:11]} dxe5 {[%clk 0:53:34]} 21. h5
{[%clk 0:39:43]} g5 {[%clk 0:53:54]} 22. Nf5 {[%clk 0:35:56]} Rb8
{[%clk 0:48:38]} 23. Rd2 {[%clk 0:27:12]} c5 {[%clk 0:45:11]} 24. c4
{[%clk 0:22:53]} Be6 {[%clk 0:38:54]} 25. cxb5 {[%clk 0:13:44]} Bxb3
{[%clk 0:38:21]} 26. Qxb3 {[%clk 0:14:08]} c4 {[%clk 0:38:45]} 27. Qc3
{[%clk 0:14:22]} axb5 {[%clk 0:28:06]} 28. Nxg7 {[%clk 0:14:23]} Kxg7
{[%clk 0:28:09]} 29. Qxe5+ {[%clk 0:11:02]} Qxe5 {[%clk 0:28:32]} 30. Nxe5
{[%clk 0:11:29]} Rfe8 {[%clk 0:27:13]} 31. Nc6 {[%clk 0:08:21]} Ra8
{[%clk 0:27:40]} 32. Nd4 {[%clk 0:06:08]} Rxa4 {[%clk 0:26:29]} 33. Kc2
{[%clk 0:06:22]} Rxe4 {[%clk 0:21:58]} 34. Nxb5 {[%clk 0:06:47]} Ra5
{[%clk 0:12:17]} 35. Nd6 {[%clk 0:07:02]} c3 {[%clk 0:11:16]} 36. Nxe4
{[%clk 0:06:03]} cxd2 {[%clk 0:11:41]} 37. Ng3 {[%clk 0:03:30]} Kf6
{[%clk 0:06:30]} 38. Rd1 {[%clk 0:02:48]} Ke5 {[%clk 0:04:34]} 39. Rxd2
{[%clk 0:03:14]} Rc5+ {[%clk 0:04:08]} 40. Kb3 {[%clk 0:03:17]} Nh3
{[%clk 0:03:55]} 41. Nf5 {[%clk 0:02:30]} Rc6 {[%clk 0:04:16]} 42. Kb4
{[%clk 0:01:50]} Kf4 {[%clk 0:04:17]} 43. Kb5 {[%clk 0:01:39]} Rf6
{[%clk 0:04:36]} 44. Ne3 {[%clk 0:02:04]} Kf3 {[%clk 0:04:37]} 45. Rd5
{[%clk 0:00:39]} Nxf2 {[%clk 0:04:39]} 46. Rf5+ {[%clk 0:01:05]} Rxf5+
{[%clk 0:05:05]} 47. Nxf5 {[%clk 0:01:32]} Nxg4 {[%clk 0:05:29]} 48. Kc5
{[%clk 0:01:09]} Kf4 {[%clk 0:05:13]} 49. Nd6 {[%clk 0:01:35]} Ne5
{[%clk 0:05:00]} 50. Kd5 {[%clk 0:01:22]} g4 {[%clk 0:04:54]} 51. Ne4
{[%clk 0:01:11]} Nd3 {[%clk 0:04:47]} 52. Kd4 Ke5+ 0-1

[Event "TICF"]
[Site "FAMALICAO"]
[Date "2023.07.27"]
[Round "5.4"]
[White "GONCALVES, Samuel"]
[Black "PEIN, Jonathan"]
[Result "1/2-1/2"]
[BlackElo "2276"]
[WhiteElo "2033"]
[LiveChessVersion "1.4.8"]

1. d4 {[%clk 1:30:56]} e6 {[%clk 1:30:56]} 2. c4 {[%clk 1:31:08]} d5
{[%clk 1:31:21]} 3. Nf3 {[%clk 1:31:25]} c6 {[%clk 1:31:44]} 4. g3
{[%clk 1:31:37]} dxc4 {[%clk 1:32:10]} 5. Bg2 {[%clk 1:31:51]} b5 6. Ne5
{[%clk 1:30:06]} Bb7 {[%clk 1:32:52]} 7. O-O {[%clk 1:24:16]} Nd7
{[%clk 1:32:48]} 8. Nc3 {[%clk 1:19:28]} Qc8 {[%clk 1:31:33]} 9. a4
{[%clk 1:03:30]} a6 {[%clk 1:30:11]} 10. Nxd7 {[%clk 1:03:19]} Qxd7
{[%clk 1:30:21]} 11. e4 {[%clk 1:03:34]} h6 {[%clk 1:17:55]} 12. d5
{[%clk 0:58:40]} e5 {[%clk 1:14:37]} 13. dxc6 {[%clk 0:46:53]} Qxc6
{[%clk 1:14:52]} 14. axb5 {[%clk 0:45:05]} axb5 {[%clk 1:15:08]} 15. Rxa8+
{[%clk 0:45:24]} Bxa8 {[%clk 1:15:37]} 16. Qd5 {[%clk 0:45:12]} Qxd5
{[%clk 1:08:11]} 17. exd5 {[%clk 0:45:35]} f5 {[%clk 0:51:51]} 18. Re1
{[%clk 0:38:30]} e4 {[%clk 0:49:03]} 19. f3 {[%clk 0:35:21]} b4 {[%clk 0:41:45]}
20. Nb5 {[%clk 0:35:24]} Kf7 {[%clk 0:40:33]} 21. fxe4 {[%clk 0:34:06]} Nf6
{[%clk 0:33:49]} 22. Bf1 {[%clk 0:22:18]} c3 {[%clk 0:21:20]} 23. bxc3
{[%clk 0:18:42]} bxc3 {[%clk 0:18:47]} 24. exf5 {[%clk 0:16:23]} Bc5+
{[%clk 0:18:21]} 25. Be3 {[%clk 0:16:31]} Re8 {[%clk 0:17:46]} 26. Bxc5
{[%clk 0:14:36]} Rxe1 {[%clk 0:18:08]} 27. Nxc3 {[%clk 0:14:13]} Nxd5
{[%clk 0:15:06]} 28. Nxd5 {[%clk 0:13:39]} Bxd5 {[%clk 0:15:34]} 29. Kf2
{[%clk 0:13:07]} Rc1 {[%clk 0:13:43]} 30. Bd4 {[%clk 0:13:03]} Rc2+
{[%clk 0:12:55]} 31. Kg1 {[%clk 0:12:58]} Rd2 {[%clk 0:04:53]} 32. Bc3
{[%clk 0:12:25]} Rd1 {[%clk 0:04:17]} 33. Kf2 {[%clk 0:12:35]} Rc1
{[%clk 0:04:28]} 34. Bd2 Rc2 35. Ke3 {[%clk 0:12:26]} Ra2 {[%clk 0:04:07]} 36.
Bd3 {[%clk 0:12:11]} Ra1 {[%clk 0:03:23]} 37. h4 {[%clk 0:09:59]} Rg1
{[%clk 0:02:35]} 38. Kf4 {[%clk 0:10:26]} Ra1 {[%clk 0:01:58]} 39. Ke3
{[%clk 0:10:31]} Ra4 {[%clk 0:01:40]} 40. Bc3 {[%clk 0:09:53]} Bc4
{[%clk 0:01:05]} 41. Be4 {[%clk 0:09:46]} Bb3 {[%clk 0:00:54]} 42. Be5
{[%clk 0:07:34]} Ra5 {[%clk 0:01:04]} 43. Bc3 {[%clk 0:07:32]} Rc5
{[%clk 0:01:07]} 44. Bd4 {[%clk 0:07:47]} Rc1 {[%clk 0:00:46]} 45. Kf4
{[%clk 0:07:13]} Bc4 {[%clk 0:00:41]} 46. g4 {[%clk 0:06:50]} Rf1+
{[%clk 0:00:51]} 47. Ke5 {[%clk 0:07:15]} Re1 {[%clk 0:00:46]} 48. Kf4
{[%clk 0:07:42]} Bb3 {[%clk 0:00:46]} 49. g5 {[%clk 0:07:01]} hxg5+
{[%clk 0:00:36]} 50. hxg5 {[%clk 0:07:29]} Bc4 {[%clk 0:00:44]} 51. Bc5
{[%clk 0:06:47]} Bb3 {[%clk 0:00:44]} 52. Bd4 {[%clk 0:07:08]} Bc4
{[%clk 0:00:59]} 1/2-1/2

[Event "TICF"]
[Site "FAMALICAO"]
[Date "2023.07.27"]
[Round "5.5"]
[White "RIBEIRO, Rodrigo"]
[Black "PADEIRO, Jose"]
[Result "1/2-1/2"]
[BlackElo "2125"]
[WhiteElo "1903"]
[LiveChessVersion "1.4.8"]

1. d4 {[%clk 1:30:58]} e6 {[%clk 1:29:57]} 2. c4 {[%clk 1:30:30]} f5
{[%clk 1:30:10]} 3. g3 {[%clk 1:28:16]} Nf6 {[%clk 1:30:20]} 4. Bg2
{[%clk 1:28:32]} d5 {[%clk 1:30:42]} 5. Nc3 {[%clk 1:27:01]} c6 {[%clk 1:30:57]}
6. Nf3 {[%clk 1:20:28]} Bd6 {[%clk 1:30:51]} 7. Qd3 {[%clk 1:15:42]} O-O
{[%clk 1:30:35]} 8. O-O {[%clk 1:15:53]} Ne4 {[%clk 1:30:20]} 9. Ne5
{[%clk 1:06:48]} b6 {[%clk 1:24:45]} 10. f3 {[%clk 1:02:58]} Nxc3
{[%clk 1:23:47]} 11. Qxc3 {[%clk 1:03:17]} Bb7 {[%clk 1:19:15]} 12. Nd3
{[%clk 1:01:01]} Nd7 {[%clk 1:16:28]} 13. Bd2 {[%clk 0:52:39]} Rc8
{[%clk 1:05:17]} 14. e4 {[%clk 0:45:24]} c5 {[%clk 0:58:11]} 15. cxd5
{[%clk 0:44:36]} exd5 {[%clk 0:57:27]} 16. exf5 {[%clk 0:41:01]} Ba6
{[%clk 0:46:13]} 17. Rfe1 {[%clk 0:26:33]} Rxf5 {[%clk 0:35:53]} 18. f4
{[%clk 0:21:49]} Kh8 {[%clk 0:26:26]} 19. Kh1 {[%clk 0:21:09]} Rf8
{[%clk 0:17:04]} 20. Bxd5 {[%clk 0:19:46]} Nf6 {[%clk 0:16:56]} 21. Bf3
{[%clk 0:19:30]} cxd4 {[%clk 0:17:11]} 22. Qxd4 {[%clk 0:18:51]} Bb8
{[%clk 0:16:11]} 23. Qxd8 {[%clk 0:17:46]} Rfxd8 {[%clk 0:13:58]} 24. Nb4
{[%clk 0:18:11]} Rxd2 {[%clk 0:12:45]} 25. Nxa6 {[%clk 0:18:37]} Rxb2
{[%clk 0:12:31]} 1/2-1/2

[Event "TICF"]
[Site "FAMALICAO"]
[Date "2023.07.27"]
[Round "5.6"]
[White "RIBEIRO, Gustavo"]
[Black "FERNANDES, Antonio"]
[Result "0-1"]
[BlackElo "2337"]
[WhiteElo "1876"]
[LiveChessVersion "1.4.8"]

1. Nf3 Nf6 2. d4 c5 3. dxc5 e6 4. b4 a5 5. c3 axb4 6. cxb4 Nd5 7. Qb3 Nc6 8. Ba3
b6 9. e4 Nf6 10. e5 Nd5 11. Nc3 bxc5 12. Ne4 c4 13. Bxc4 Rxa3 14. Qxa3 Bxb4+ 15.
Qxb4 Ncxb4 16. Nd6+ Ke7 17. O-O Ba6 18. Bxa6 Nxa6 19. Ng5 Qa5 20. Ngxf7 Rf8 21.
Nb7 Qc3 22. Rac1 Qb2 23. Rb1 Qd4 24. Rbd1 Qg4 25. Nfd6 Nf4 26. g3 Ne2+ 27. Kg2
Qf3+ 0-1

[Event "TICF"]
[Site "FAMALICAO"]
[Date "2023.07.27"]
[Round "5.8"]
[White "FERNANDES, Emanuel"]
[Black "RODRIGUEZ LOPEZ, Rafael"]
[Result "0-1"]
[BlackElo "2182"]
[WhiteElo "1816"]
[LiveChessVersion "1.4.8"]

1. d4 {[%clk 1:30:52]} d5 {[%clk 1:30:49]} 2. c4 {[%clk 1:31:08]} e6
{[%clk 1:31:14]} 3. cxd5 {[%clk 1:31:14]} exd5 {[%clk 1:31:37]} 4. Nc3
{[%clk 1:31:31]} c6 {[%clk 1:31:49]} 5. Nf3 {[%clk 1:31:48]} Bf5 {[%clk 1:31:58]}
6. Qb3 {[%clk 1:31:37]} Qb6 {[%clk 1:32:04]} 7. Qxb6 {[%clk 1:29:53]} axb6
{[%clk 1:32:29]} 8. e3 {[%clk 1:21:34]} Na6 {[%clk 1:32:38]} 9. Nh4
{[%clk 1:21:05]} Be6 {[%clk 1:32:28]} 10. a3 {[%clk 1:20:03]} Be7
{[%clk 1:32:28]} 11. Nf3 {[%clk 1:20:03]} Nb4 {[%clk 1:32:19]} 12. Rb1
{[%clk 1:15:52]} Na6 {[%clk 1:30:05]} 13. Bd3 {[%clk 1:03:38]} b5
{[%clk 1:30:26]} 14. Na2 {[%clk 1:01:27]} Nf6 {[%clk 1:30:31]} 15. O-O
{[%clk 1:01:34]} Ne4 {[%clk 1:30:48]} 16. Nd2 {[%clk 0:57:29]} O-O
{[%clk 1:30:59]} 17. f3 {[%clk 0:56:37]} Nd6 {[%clk 1:31:23]} 18. e4
{[%clk 0:51:09]} dxe4 {[%clk 1:31:43]} 19. fxe4 {[%clk 0:50:04]} Bxa2
{[%clk 1:32:08]} 0-1

[Event "TICF"]
[Site "FAMALICAO"]
[Date "2023.07.27"]
[Round "5.9"]
[White "PINHO, Paulo"]
[Black "ERMIDA, Ricardo"]
[Result "1-0"]
[BlackElo "1645"]
[WhiteElo "2162"]
[LiveChessVersion "1.4.8"]

1. d4 d5 2. Nf3 e6 3. c4 a6 4. Qc2 dxc4 5. Qxc4 b5 6. Qc2 Bb7 7. e3 Nc6 8. a3 Nf6
9. Be2 Be7 10. O-O O-O 11. Rd1 b4 12. Nbd2 Rc8 13. Nc4 Nd5 14. Bd2 Nb6 15. axb4
Bxb4 16. Bxb4 Nxb4 17. Qb3 Qe7 18. Ra5 Rfd8 19. Rc5 N4d5 20. Na5 Ba8 21. Bxa6 Rb8
22. Qa3 Nd7 23. Rcc1 Qf6 24. Be2 c5 25. Rd2 cxd4 26. Nxd4 Ne5 27. Rdc2 Nb4 28.
Rc5 Qg6 29. Bf1 Ned3 30. Nac6 Nxc6 31. Bxd3 Qf6 32. Nxc6 Rxb2 33. R5c2 Rxc2 34.
Rxc2 Bxc6 35. Rxc6 h5 36. Qc3 Rxd3 37. Qxd3 Qa1+ 38. Qf1 1-0

[Event "TICF"]
[Site "FAMALICAO"]
[Date "2023.07.27"]
[Round "5.10"]
[White "COSMAN, Andreea-Marioara"]
[Black "PAIVA, Manuel"]
[Result "1-0"]
[BlackElo "1579"]
[WhiteElo "2143"]
[LiveChessVersion "1.4.8"]

1. d4 {[%clk 1:30:39]} d5 {[%clk 1:30:34]} 2. c4 {[%clk 1:31:03]} e6
{[%clk 1:31:00]} 3. Nc3 {[%clk 1:31:27]} Be7 {[%clk 1:31:14]} 4. cxd5
{[%clk 1:31:50]} exd5 {[%clk 1:31:41]} 5. Nf3 {[%clk 1:32:13]} c6
{[%clk 1:31:39]} 6. Bf4 {[%clk 1:28:54]} Bf5 {[%clk 1:29:18]} 7. e3
{[%clk 1:28:07]} Nf6 {[%clk 1:27:29]} 8. Be2 {[%clk 1:26:42]} Ne4
{[%clk 1:26:25]} 9. O-O {[%clk 1:25:28]} Nd7 {[%clk 1:22:14]} 10. Nxe4
{[%clk 1:21:18]} dxe4 {[%clk 1:16:06]} 11. Nd2 {[%clk 1:20:51]} O-O
{[%clk 1:13:29]} 12. Qc2 {[%clk 1:14:43]} Nf6 {[%clk 1:12:30]} 13. a3
{[%clk 1:15:02]} a5 {[%clk 1:01:33]} 14. Rfd1 {[%clk 1:04:54]} Re8
{[%clk 0:55:13]} 15. Nc4 {[%clk 1:00:15]} Be6 {[%clk 0:48:55]} 16. b3
{[%clk 0:49:03]} Nd5 {[%clk 0:41:32]} 17. Qxe4 {[%clk 0:40:10]} Nc3
{[%clk 0:40:45]} 18. Qd3 {[%clk 0:39:32]} Nxd1 {[%clk 0:40:00]} 19. Rxd1
{[%clk 0:38:19]} a4 {[%clk 0:34:44]} 20. b4 {[%clk 0:37:56]} Bxc4
{[%clk 0:34:34]} 21. Qxc4 {[%clk 0:38:10]} Bd6 {[%clk 0:26:12]} 22. Bxd6
{[%clk 0:37:32]} Qxd6 {[%clk 0:26:40]} 23. Bf3 {[%clk 0:37:42]} Qf6
{[%clk 0:18:28]} 24. b5 {[%clk 0:27:19]} Re6 {[%clk 0:12:30]} 25. bxc6
{[%clk 0:26:37]} bxc6 {[%clk 0:12:39]} 26. Rc1 {[%clk 0:22:43]} Rd6
{[%clk 0:08:07]} 27. h3 {[%clk 0:14:15]} g6 {[%clk 0:08:19]} 28. Bxc6
{[%clk 0:13:25]} Rc8 {[%clk 0:08:21]} 29. d5 {[%clk 0:13:43]} Qb2
{[%clk 0:07:59]} 30. e4 {[%clk 0:13:06]} Qxa3 {[%clk 0:06:48]} 31. Rb1
{[%clk 0:10:24]} f6 {[%clk 0:03:31]} 32. Rb7 {[%clk 0:08:32]} Qa1+
{[%clk 0:02:10]} 33. Kh2 {[%clk 0:08:14]} Qe5+ {[%clk 0:02:38]} 34. g3
{[%clk 0:08:38]} h5 {[%clk 0:01:54]} 35. Qxa4 {[%clk 0:06:22]} h4
{[%clk 0:01:38]} 36. Rb3 {[%clk 0:05:10]} f5 {[%clk 0:00:36]} 37. f4
{[%clk 0:01:47]} hxg3+ {[%clk 0:00:43]} 38. Kxg3 {[%clk 0:02:12]} Qxe4
{[%clk 0:00:42]} 39. Qxe4 {[%clk 0:02:26]} fxe4 {[%clk 0:01:11]} 40. Re3
{[%clk 0:02:30]} Rcxc6 {[%clk 0:00:43]} 41. dxc6 {[%clk 0:02:55]} Rxc6
{[%clk 0:00:58]} 42. Rxe4 {[%clk 0:03:20]} Kg7 {[%clk 0:01:08]} 43. Kg4
{[%clk 0:03:04]} Kf6 {[%clk 0:01:08]} 44. Ra4 {[%clk 0:03:16]} Rb6
{[%clk 0:00:54]} 45. h4 {[%clk 0:02:41]} Rc6 {[%clk 0:01:14]} 46. Ra5
{[%clk 0:02:14]} Rb6 {[%clk 0:01:01]} 47. h5 {[%clk 0:02:02]} gxh5+
{[%clk 0:01:29]} 48. Rxh5 {[%clk 0:02:25]} Rb4 {[%clk 0:00:59]} 49. Rh6+
{[%clk 0:02:43]} Kg7 {[%clk 0:01:23]} 50. Ra6 {[%clk 0:03:09]} Rb1
{[%clk 0:01:04]} 51. Kg5 {[%clk 0:03:24]} Rg1+ {[%clk 0:00:41]} 52. Kf5
{[%clk 0:03:50]} Rd1 {[%clk 0:00:31]} 53. Ra7+ {[%clk 0:03:52]} Kf8
{[%clk 0:00:53]} 54. Ke6 {[%clk 0:03:01]} Rd8 {[%clk 0:00:33]} 55. f5
{[%clk 0:03:06]} Rb8 {[%clk 0:00:44]} 56. f6 {[%clk 0:01:47]} Rb6+
{[%clk 0:01:00]} 57. Kf5 {[%clk 0:01:57]} 1-0

[Event "TICF"]
[Site "FAMALICAO"]
[Date "2023.07.27"]
[Round "5.12"]
[White "VIKRAM, Anishka"]
[Black "COSTA, Paulo"]
[Result "1/2-1/2"]
[BlackElo "2037"]
[WhiteElo "1675"]
[LiveChessVersion "1.4.8"]

1. d4 Nf6 2. c4 e6 3. Nc3 Bb4 4. e3 O-O 5. Bd2 c5 6. a3 Bxc3 7. Bxc3 Ne4 8. Rc1
d6 9. Bd3 Nxc3 10. Rxc3 e5 11. dxe5 dxe5 12. Nf3 Qe7 13. Be4 Nd7 14. O-O Nf6 15.
Qb1 a5 16. h3 Ra6 17. Rd1 Rd6 18. Rxd6 Qxd6 19. Bd3 Rd8 20. Ng5 g6 21. Ne4 Nxe4
22. Bxe4 Qd1+ 23. Qxd1 Rxd1+ 24. Kh2 Rd2 25. Rd3 Rxd3 26. Bxd3 f5 27. f3 Kg7 28.
g4 e4 29. Be2 exf3 30. Bxf3 fxg4 31. hxg4 Kf6 32. Kg3 b6 33. Kf4 g5+ 34. Kg3 Ke5
35. a4 Bd7 36. b3 Be8 37. Kf2 Bg6 38. Bd1 Bd3 39. Kf3 h6 40. Kf2 Bg6 41. Kg3 Bb1
42. Kf3 Be4+ 43. Kf2 Kf6 44. Kg3 Ke6 45. Kf2 Ke5 46. Kg3 Bb1 47. Kf3 Bg6 48. Kg3
Bh7 49. Kf2 Bd3 50. Kf3 Bb1 51. Kf2 Ke4 52. Ke2 Bd3+ 53. Kf2 Bb1 54. Ke2 Bd3+ 55.
Kf2 Ke5 56. Kf3 Be4+ 57. Kf2 Bg6 1/2-1/2

[Event "TICF"]
[Site "FAMALICAO"]
[Date "2023.07.27"]
[Round "5.13"]
[White "VALENTE, Sofia"]
[Black "GONCALVES, Lucas"]
[Result "0-1"]
[BlackElo "1870"]
[WhiteElo "1648"]
[LiveChessVersion "1.4.8"]

1. d4 {[%clk 1:30:54]} d5 {[%clk 1:30:57]} 2. c4 {[%clk 1:31:17]} e6
{[%clk 1:31:46]} 3. Nc3 {[%clk 1:32:11]} Nf6 {[%clk 1:32:11]} 4. cxd5
{[%clk 1:32:30]} exd5 {[%clk 1:32:40]} 5. Bg5 {[%clk 1:32:38]} Be7
{[%clk 1:32:59]} 6. e3 {[%clk 1:31:18]} O-O {[%clk 1:33:23]} 7. Bd3
{[%clk 1:29:58]} h6 {[%clk 1:32:46]} 8. Bf4 {[%clk 1:25:24]} c6 {[%clk 1:31:51]}
9. h3 {[%clk 1:21:03]} Bd6 {[%clk 1:23:16]} 10. Bxd6 {[%clk 1:13:42]} Qxd6
{[%clk 1:23:44]} 11. Nf3 {[%clk 1:13:31]} Re8 {[%clk 1:23:18]} 12. O-O
{[%clk 1:12:19]} b6 {[%clk 1:22:12]} 13. Bb1 {[%clk 1:10:47]} Nbd7
{[%clk 1:21:38]} 14. Qc2 {[%clk 1:10:01]} Ba6 {[%clk 1:15:41]} 15. Re1
{[%clk 1:07:38]} Ne4 {[%clk 1:15:09]} 16. a3 {[%clk 0:50:32]} Rac8
{[%clk 1:10:11]} 17. Nd2 {[%clk 0:43:48]} f5 {[%clk 1:04:53]} 18. Ba2
{[%clk 0:39:30]} Ndf6 {[%clk 0:54:16]} 19. Ndxe4 {[%clk 0:35:56]} fxe4
{[%clk 0:53:43]} 20. Qd1 {[%clk 0:33:44]} Kh8 {[%clk 0:52:38]} 21. b4
{[%clk 0:32:17]} Bd3 {[%clk 0:47:27]} 22. Ne2 {[%clk 0:25:36]} b5
{[%clk 0:43:09]} 23. Nf4 {[%clk 0:23:17]} Bc4 {[%clk 0:43:19]} 24. Qd2
{[%clk 0:19:23]} g5 {[%clk 0:43:09]} 25. Ng6+ {[%clk 0:18:17]} Kg7
{[%clk 0:43:27]} 26. Ne5 {[%clk 0:18:33]} Nd7 {[%clk 0:43:56]} 27. Nxd7
{[%clk 0:18:53]} Qxd7 {[%clk 0:44:22]} 28. Bxc4 {[%clk 0:16:44]} bxc4
{[%clk 0:43:59]} 29. Qe2 {[%clk 0:16:04]} Kg6 {[%clk 0:39:05]} 30. Qg4
{[%clk 0:13:52]} Qe7 {[%clk 0:28:33]} 31. h4 {[%clk 0:12:14]} Qe6
{[%clk 0:27:04]} 32. h5+ {[%clk 0:11:41]} Kf6 {[%clk 0:27:25]} 33. Qxe6+
{[%clk 0:11:43]} Kxe6 {[%clk 0:20:07]} 34. g4 {[%clk 0:12:01]} Rf8
{[%clk 0:19:57]} 35. Kg2 {[%clk 0:11:58]} Kd6 {[%clk 0:19:43]} 36. Ra2
{[%clk 0:10:54]} Rb8 {[%clk 0:19:55]} 37. Ree2 {[%clk 0:10:07]} a5
{[%clk 0:19:26]} 38. Reb2 {[%clk 0:09:44]} axb4 {[%clk 0:18:03]} 39. axb4
{[%clk 0:09:49]} Ra8 {[%clk 0:18:03]} 40. Kg3 {[%clk 0:07:12]} Rxa2
{[%clk 0:18:02]} 41. Rxa2 {[%clk 0:07:40]} Kc7 {[%clk 0:18:04]} 42. Kg2
{[%clk 0:06:21]} Kb6 {[%clk 0:17:18]} 43. Ra5 {[%clk 0:06:25]} Rf7
{[%clk 0:16:54]} 44. Kf1 {[%clk 0:01:15]} Ra7 {[%clk 0:16:54]} 45. Rc5
{[%clk 0:01:12]} Ra1+ {[%clk 0:15:28]} 46. Ke2 {[%clk 0:00:55]} Ra2+
{[%clk 0:13:57]} 47. Ke1 {[%clk 0:01:09]} Ra4 {[%clk 0:14:20]} 48. b5
{[%clk 0:00:57]} cxb5 {[%clk 0:10:00]} 49. Rxd5 {[%clk 0:01:04]} c3
{[%clk 0:09:50]} 50. Rd6+ {[%clk 0:01:06]} Kc7 {[%clk 0:10:13]} 51. Rxh6
{[%clk 0:01:24]} Ra1+ {[%clk 0:10:36]} 52. Ke2 {[%clk 0:01:45]} c2
{[%clk 0:10:59]} 53. Rh7+ {[%clk 0:01:49]} Kd6 {[%clk 0:11:25]} 54. Rh6+
{[%clk 0:01:14]} Kd5 {[%clk 0:11:53]} 55. Rg6 {[%clk 0:01:28]} c1=Q
{[%clk 0:12:21]} 56. Rxg5+ {[%clk 0:01:47]} Kd6 {[%clk 0:11:54]} 57. Rg6+
{[%clk 0:02:05]} 0-1

[Event "TICF"]
[Site "FAMALICAO"]
[Date "2023.07.27"]
[Round "5.14"]
[White "FERNANDES, Martim"]
[Black "KHAMRAKULOV, Ibragim"]
[Result "0-1"]
[BlackElo "2413"]
[WhiteElo "1614"]
[LiveChessVersion "1.4.8"]

1. e4 {[%clk 1:30:56]} c5 {[%clk 1:30:09]} 2. Nf3 {[%clk 1:31:20]} a6
{[%clk 1:30:33]} 3. c3 {[%clk 1:31:31]} d6 {[%clk 1:29:53]} 4. d4
{[%clk 1:31:09]} Nd7 {[%clk 1:30:18]} 5. Bd3 {[%clk 1:27:11]} g6 {[%clk 1:28:39]}
6. O-O {[%clk 1:25:47]} Bg7 {[%clk 1:25:57]} 7. Re1 {[%clk 1:20:09]} Qc7
{[%clk 1:25:47]} 8. Nbd2 {[%clk 1:12:02]} b5 {[%clk 1:15:19]} 9. Nf1
{[%clk 1:10:36]} c4 {[%clk 1:01:31]} 10. Bc2 {[%clk 1:03:12]} e5 {[%clk 0:59:54]}
11. Be3 {[%clk 0:48:12]} Ngf6 {[%clk 0:43:22]} 12. h3 {[%clk 0:42:24]} Bb7
{[%clk 0:34:29]} 13. Ng3 {[%clk 0:41:38]} exd4 {[%clk 0:28:47]} 14. Bxd4
{[%clk 0:33:55]} O-O {[%clk 0:27:41]} 15. Nh4 {[%clk 0:24:15]} Rfe8
{[%clk 0:24:43]} 16. Qd2 {[%clk 0:22:32]} Nc5 {[%clk 0:15:49]} 17. Nhf5
{[%clk 0:18:41]} gxf5 {[%clk 0:15:50]} 18. Nxf5 {[%clk 0:18:51]} Ne6
{[%clk 0:16:11]} 19. Nxg7 {[%clk 0:11:38]} Kxg7 {[%clk 0:15:32]} 20. Bxf6+
{[%clk 0:09:27]} Kxf6 {[%clk 0:15:52]} 21. Qh6+ {[%clk 0:09:37]} Ke7
{[%clk 0:16:02]} 22. e5 {[%clk 0:06:50]} dxe5 {[%clk 0:14:42]} 23. Rad1
{[%clk 0:07:15]} Rg8 {[%clk 0:14:29]} 24. g3 {[%clk 0:06:34]} Rad8
{[%clk 0:14:35]} 25. Qh4+ {[%clk 0:06:38]} f6 {[%clk 0:13:24]} 26. Qxh7+
{[%clk 0:05:13]} Rg7 {[%clk 0:13:47]} 27. Qf5 {[%clk 0:05:19]} Rxd1
{[%clk 0:14:10]} 28. Rxd1 {[%clk 0:05:34]} Qc6 {[%clk 0:14:30]} 0-1